000 00595nam a2200205Ia 4500
005 20250923145659.0
008 008 250917s9999 xx 000 0 eng d
037 _aTextual
040 _aDSWL
_beng
_cDSWL
041 _aeng
_2eng
084 _aYX,ZD, N79
_qDSWL
100 _a Douglas, Tom
_9837885
245 0 _aGroup processes in social work : A theoretical synthesis
_c by Tom Douglas
260 _aChichester
_bJohn Wiley USA
_c1979
300 _axi,236 p.
365 _aUSD
_b44.95
925 _g44.95
942 _cTEXL
_hYX,ZD, N79
999 _c1454290
_d1454290